00690nam a2200133Ia 4500008004100000100002700041245015800068245017700226260005300403260001600456300000800472650001500480856006100495170221s9999 xx 000 0 und d aIraida G. Ovchinnikova aElaboration of a Frame Model for Intensification and Managing Requirements to Learning Outcomes in Regional Systems of Continuing Professional Education  cIraida G. Ovchinnikova, Lubov V. Kurzaeva, Tamara B. Solomatina, Galina N. Chusavitina, Vladimir E. Petelyak, Natalya N. Zerkina, Yekaterina A. Lomakina, Maria V. Musiychuk bInternational Review of Management and Marketing cAugust 2015 a4:2 xMarketing. uhttp://www.econjournals.com/index.php/irmm/issue/view/71